History of Economic Thought (Record no. 16394)

MARC details
000 -LEADER
fixed length control field 00505nam a22001817a 4500
008 - FIXED-LENGTH DATA ELEMENTS--GENERAL INFORMATION
fixed length control field 260420b |||||||| |||| 00| 0 eng d
020 ## - INTERNATIONAL STANDARD BOOK NUMBER
International Standard Book Number 9788199452572
Price 480.00
040 ## - CATALOGING SOURCE
Original Cataloguing agency Sibsagar Commerce College Central Library
041 ## - LANGUAGE CODE
Language code of text/sound track or separate title English
082 ## - DEWEY DECIMAL CLASSIFICATION NUMBER
Classification number 336.15
Book Number AHM
100 ## - MAIN ENTRY--PERSONAL NAME
Personal name Ahmed, Rofique.
245 ## - TITLE STATEMENT
Title History of Economic Thought
Statement of responsibility, etc. By Rofique Ahmed.
260 ## - PUBLICATION, DISTRIBUTION, ETC.
Place of publication, distribution, etc. Jorhat:
Name of publisher, distributor, etc. North East Institute of Research Consultancy & Publication
Date of publication, distribution, etc. 2025.
300 ## - PHYSICAL DESCRIPTION
Pages 378p.
650 ## - Subject
Subject Economic
942 ## - ADDED ENTRY ELEMENTS (KOHA)
Source of classification or shelving scheme Dewey Decimal Classification
Koha item type Books
Holdings
Withdrawn status Lost status Source of classification or shelving scheme Damaged status Not for loan Collection code Home library Current library Shelving location Date acquired Source of acquisition Total Checkouts Full call number Barcode Date last seen Copy number Cost, replacement price Price effective from Koha item type
    Dewey Decimal Classification     Economics Sibsagar Commerce College Central Library Sibsagar Commerce College Central Library General Stacks 20/04/2026 Kitap Ghar   336.15 AHM 29304 20/04/2026 1 960.00 20/04/2026 Books
    Dewey Decimal Classification     Economics Sibsagar Commerce College Central Library Sibsagar Commerce College Central Library General Stacks 20/04/2026 Kitap Ghar   336.15 AHM 29305 20/04/2026 2 960.00 20/04/2026 Books
    Dewey Decimal Classification     Economics Sibsagar Commerce College Central Library Sibsagar Commerce College Central Library General Stacks 20/04/2026 Kitap Ghar   336.15 AHM 29306 20/04/2026 3 960.00 20/04/2026 Books


Sibsagar Commerce College © 2020. All rights reserved.
Powered by Koha.
Hosted by LIBKART.